Handbook of technological pedagogical content knowledge (TPACK) for educators

Bibliographic Details
Main Author: Mary C. Herring... [et al.]
Format: Unknown
Published: Routledge,
Edition:Second edition.
LEADER 00308 a2200109 4500
020 |a 9781138779396 
100 |a Mary C. Herring... [et al.]  |9 60723 
245 |a Handbook of technological pedagogical content knowledge (TPACK) for educators 
250 |a Second edition. 
260 |b Routledge, 
942 |c BK 
999 |c 47948  |d 47948